00375 2200157 4500001002100000005001500021035002000036245003100056100001400087300002800101260003200129082000800161084001400169020002200183990001200205INLIS00000000000317520251127093428 a0010-11250000361 aSi Anak Badai /cTere Liye0 aTere Liye a322 hlm ;c14 x 20,5 cm aJakarta :bRepublika,c2019 a813 a813 TER s a978-602-5734-93-9 a0754554